[Event "Valledupar Cesar Cup U12/14 2nd"]
[Site "Valledupar"]
[Date "2011.10.01"]
[Round "2.7"]
[White "Baquero Carrera, Sebastian"]
[Black "Vanegas Toscano, Melisa"]
[Result "0-1"]
[WhiteElo "1418"]
[BlackElo "1335"]
[PlyCount "42"]
[EventDate "2011.10.01"]
[EventType "swiss"]
[EventRounds "5"]
[EventCountry "COL"]
[SourceTitle "EXT 2024"]
[Source "ChessBase"]
[SourceDate "2023.10.10"]
[SourceVersion "1"]
[SourceVersionDate "2023.10.10"]
[SourceQuality "1"]

1. e4 e5 2. Bc4 Nf6 3. Nf3 Nc6 4. Bb5 Bc5 5. Qe2 a6 6. Bxc6 dxc6 7. Qc4 b6 8. Ng5 0-0 9. Qd3 Qxd3 10. cxd3 h6 11. Nf3 Ng4 12. h3 Nxf2 13. Rf1 Nxd3+ 14. Kd1 Rd8 15. Nxe5 Rd6 16. Nc3 Nxe5 17. Rf5 Bxf5 18. g4 Be6 19. d3 Nxd3 20. e5 Nxb2+ 21. Kc2 Rd2+ 0-1

[Event "Valledupar Cesar Cup U12/14 2nd"]
[Site "Valledupar"]
[Date "2011.10.01"]
[Round "1.1"]
[White "Torres Cueto, Jesus Marcial"]
[Black "Baquero Carrera, Sebastian"]
[Result "1-0"]
[WhiteElo "1909"]
[BlackElo "1418"]
[PlyCount "47"]
[EventDate "2011.10.01"]
[EventType "swiss"]
[EventRounds "5"]
[EventCountry "COL"]
[SourceTitle "EXT 2024"]
[Source "ChessBase"]
[SourceDate "2023.10.10"]
[SourceVersion "1"]
[SourceVersionDate "2023.10.10"]
[SourceQuality "1"]

1. e4 e5 2. Nf3 Nf6 3. Nxe5 Nxe4 4. Qe2 d6 5. Nxf7 Kxf7 6. Qxe4 Nc6 7. Bc4+ Kf6 8. b3 Bf5 9. Qe3 Ne5 10. 0-0 d5 11. Bd3 Ng4 12. Qd4+ Kf7 13. Bxf5 Nf6 14. Re1 Be7 15. Be6+ Ke8 16. Nc3 Qd6 17. Nxd5 Qxe6 18. Nxc7+ Kf7 19. Rxe6 Rac8 20. Qc4 Bd8 21. Rd6+ Ke7 22. Qe6+ Kf8 23. Ba3 Bxc7 24. Rd8# 1-0